[Event "KATEGORNI TURNIR IV. KATEGORNIKOV"]
[Site "Domzale"]
[Date "2009.04.01"]
[Round "1"]
[White "Novsak, Noah"]
[Black "Sivavec, Jaka"]
[Result "1-0"]
[WhiteElo "1500"]
[BlackElo "1500"]
[PlyCount "97"]
[EventDate "2002.01.09"]

1. e4 e5 2. Nf3 Nc6 3. Bc4 Nf6 4. Ng5 d5 5. exd5 Nxd5 6. Nxf7 Kxf7 7. Qf3+ Ke8
8. Bxd5 Qf6 9. Qxf6 gxf6 10. Bxc6+ bxc6 11. O-O Ba6 12. d3 Rg8 13. Nc3 Bb7 14.
Ne4 Kf7 15. f4 c5 16. fxe5 f5 17. Rxf5+ Ke6 18. Rf6+ Kxe5 19. Rf4 Bh6 20. Rh4
Bxc1 21. Rxc1 Rg7 22. Re1 Kf5 23. Ng3+ Kf6 24. Nh5+ Kg5 25. Nxg7 Kxh4 26. Rf1
Rg8 27. Nf5+ Kh5 28. Ng3+ Kh6 29. Rf6+ Kg5 30. Rf5+ Kh6 31. Kf2 Bc8 32. Rxc5
Rf8+ 33. Ke3 Re8+ 34. Kd2 Bb7 35. Rxc7 Bxg2 36. Rxa7 Rf8 37. b4 Rb8 38. Kc3
Rc8+ 39. Kb3 Bd5+ 40. c4 Ra8 41. Rxa8 Bxa8 42. a4 Kg6 43. b5 Kf6 44. a5 Ke6 45.
a6 Kd7 46. b6 Kc6 47. b7 Bxb7 48. axb7 Kxb7 49. d4 1-0

[Event "KATEGORNI TURNIR IV. KATEGORNIKOV"]
[Site "Domzale"]
[Date "2009.03.25"]
[Round "1"]
[White "Perbil, Maks"]
[Black "Mazej, Ziga"]
[Result "1-0"]
[WhiteElo "1500"]
[BlackElo "1500"]
[PlyCount "145"]
[EventDate "2002.01.09"]

1. e4 e5 2. Nf3 Nc6 3. Bc4 Bc5 4. O-O Nf6 5. d3 O-O 6. Bg5 d6 7. Bxf6 Qxf6 8.
Nc3 Bg4 9. h3 Bxf3 10. Qxf3 Qxf3 11. gxf3 h6 12. Nd5 Rac8 13. Bb5 Nd4 14. Ne7+
Kh8 15. Nxc8 Rxc8 16. Kg2 Nxb5 17. c4 Nd4 18. a3 Nc2 19. Ra2 Be3 20. b4 Nxb4
21. axb4 Bd4 22. Rc2 b6 23. Kg3 Kg8 24. f4 f6 25. fxe5 fxe5 26. Rfc1 c5 27.
bxc5 dxc5 28. f4 exf4+ 29. Kxf4 Rf8+ 30. Kg3 Be5+ 31. Kg2 Bf4 32. Ra1 a5 33.
Rf2 Be5 34. Rxf8+ Kxf8 35. Rb1 Bc7 36. Kf3 g6 37. Kg4 g5 38. Kh5 Kg7 39. h4
gxh4 40. Kxh4 Bd8+ 41. Kh5 Kh7 42. Rf1 Kg7 43. Rd1 Bf6 44. Rg1+ Bg5 45. Rd1 Bf6
46. Kg4 Kg6 47. Re1 h5+ 48. Kh3 Be5 49. Rg1+ Kh6 50. Rf1 Kg5 51. Rf7 h4 52. Rb7
Bd4 53. Rxb6 Bf2 54. Rb5 a4 55. Ra5 Bg1 56. Rxa4 Be3 57. e5 Kf5 58. Kxh4 Kxe5
59. Kg4 Kd4 60. Ra3 Bc1 61. Rb3 Bd2 62. Kf5 Bb4 63. Kf4 Bc3 64. Kf5 Bb4 65. Ke6
Bc3 66. Kd6 Bb4 67. Kc6 Bc3 68. Rb5 Bb4 69. Kb6 Ba3 70. Ra5 Bb4 71. Ra7 Bc3 72.
Rd7+ Ke3 73. Kxc5 1-0

[Event "KATEGORNI TURNIR IV. KATEGORNIKOV"]
[Site "Domzale"]
[Date "2009.03.25"]
[Round "1"]
[White "Simenc, Blaz"]
[Black "Rajkovic, Ziga"]
[Result "0-1"]
[WhiteElo "1500"]
[BlackElo "1500"]
[PlyCount "60"]
[EventDate "2002.01.09"]

1. e4 d5 2. exd5 Qxd5 3. Nc3 Qe6+ 4. Be2 Nc6 5. Nf3 Nf6 6. O-O Qf5 7. d3 e6 8.
Nh4 Qa5 9. Nf3 Bb4 10. Bd2 O-O 11. a3 Bxc3 12. Bxc3 Qf5 13. Bxf6 Qxf6 14. c3 e5
15. d4 e4 16. Nd2 Qg6 17. Bh5 Qf5 18. Qg4 Qxg4 19. Bxg4 Bxg4 20. Nxe4 Rfe8 21.
Nc5 Be2 22. Rfe1 Na5 23. Nd7 Nb3 24. Rab1 Nd2 25. Ra1 Nb3 26. Ra2 Bd3 27. Rxe8+
Rxe8 28. g3 Re1+ 29. Kg2 Bf1+ 30. Kg1 Bh3# 0-1

[Event "KATEGORNI TURNIR IV. KATEGORNIKOV"]
[Site "Domzale"]
[Date "2009.03.25"]
[Round "1"]
[White "Hribar, Leon"]
[Black "Tavcar, Jan"]
[Result "1-0"]
[WhiteElo "1500"]
[BlackElo "1500"]
[PlyCount "74"]
[EventDate "2002.01.09"]

1. e4 e5 2. Nf3 Nc6 3. Bc4 h6 4. Bb5 Bc5 5. d3 d6 6. O-O Bd7 7. Bxc6 Bxc6 8.
Be3 Bxe3 9. fxe3 Nf6 10. Nc3 O-O 11. b3 Bd7 12. a4 c6 13. Ne2 a6 14. c4 b5 15.
Qc2 Qb8 16. Qc3 c5 17. axb5 axb5 18. Rab1 b4 19. Qd2 Bg4 20. Nc3 bxc3 21. Qxc3
Bxf3 22. Rxf3 Nh5 23. Qe1 Qd8 24. d4 exd4 25. exd4 cxd4 26. Qd1 Qf6 27. Rxf6
Nxf6 28. Qxd4 Rab8 29. e5 dxe5 30. Qxe5 Rbe8 31. Qb5 Rb8 32. Qc6 Rfd8 33. b4
Rbc8 34. Qa6 Rd7 35. Qxc8+ Kh7 36. c5 Re7 37. Qd8 Re2 1-0

[Event "KATEGORNI TURNIR IV. KATEGORNIKOV"]
[Site "Domzale"]
[Date "2009.03.25"]
[Round "2"]
[White "Sivavec, Jaka"]
[Black "Klancicar, Vid"]
[Result "1/2-1/2"]
[WhiteElo "1500"]
[BlackElo "1500"]
[PlyCount "132"]
[EventDate "2002.01.09"]

1. e4 c5 2. Nf3 d6 3. Bc4 h6 4. O-O Nf6 5. Nc3 Bg4 6. Be2 e6 7. h3 Bh5 8. Ne1
Bxe2 9. Qxe2 Be7 10. Nf3 O-O 11. d3 Nc6 12. Be3 Qc7 13. Nb5 Qb6 14. d4 Nxe4 15.
dxc5 dxc5 16. Nc3 Nxc3 17. bxc3 Bf6 18. Rfb1 Qa5 19. Bd2 Bxc3 20. Bxc3 Qxc3 21.
Qd2 Qxd2 22. Nxd2 Nd4 23. Rb2 Rad8 24. Kf1 b6 25. c3 Nb5 26. Nf3 Nxc3 27. Rd2
Rxd2 28. Nxd2 Rd8 29. Ke1 f5 30. a3 Kf7 31. f3 Kf6 32. Rc1 Nb5 33. a4 Nd4 34.
Nf1 g5 35. g4 a6 36. gxf5 exf5 37. a5 bxa5 38. Rxc5 Nxf3+ 39. Kf2 Ne5 40. Rxa5
Rd6 41. Ne3 h5 42. Nd5+ Ke6 43. Nc7+ Kd7 44. Rxe5 Kxc7 45. Rxf5 Rg6 46. h4 gxh4
47. Rxh5 Rg4 48. Rh7+ Kb6 49. Rh6+ Kb5 50. Rh5+ Kc4 51. Ra5 Rg6 52. Ra4+ Kb5
53. Rxh4 Rf6+ 54. Ke3 Rc6 55. Rh5+ Rc5 56. Rxc5+ Kxc5 57. Kd2 Kb4 58. Kc1 Kb3
59. Kb1 a5 60. Ka1 a4 61. Kb1 a3 62. Ka1 Kb4 63. Kb1 Kc3 64. Ka2 Kb4 65. Kb1
Kb3 66. Ka1 a2 1/2-1/2

[Event "KATEGORNI TURNIR IV. KATEGORNIKOV"]
[Site "Domzale"]
[Date "2009.03.25"]
[Round "2"]
[White "Tavcar, Jan"]
[Black "Jeras, Miha"]
[Result "0-1"]
[WhiteElo "1500"]
[BlackElo "1500"]
[PlyCount "94"]
[EventDate "2002.01.09"]

1. e4 e5 2. Nf3 Nc6 3. Bb5 a6 4. Bxc6 dxc6 5. O-O Bc5 6. d3 Bg4 7. h3 Bh5 8.
Nc3 Nf6 9. Bg5 h6 10. Bxf6 Qxf6 11. a3 O-O 12. b4 Bb6 13. Na2 a5 14. c3 axb4
15. Nxb4 c5 16. Nd5 Qd6 17. Nxb6 cxb6 18. Qe2 b5 19. Qe3 c4 20. dxc4 bxc4 21.
Nd2 Rxa3 22. Rxa3 Qxa3 23. Nxc4 Qa6 24. Nxe5 Re8 25. Qc5 Be2 26. Rb1 Bd3 27.
Nxd3 Qxd3 28. e5 Qxb1+ 29. Kh2 f6 30. exf6 gxf6 31. Qc4+ Kg7 32. Qg4+ Qg6 33.
Qd7+ Qf7 34. Qg4+ Qg6 35. Qd7+ Kf8 36. Qxb7 Re7 37. Qc8+ Qe8 38. Qxe8+ Kxe8 39.
Kg3 Rc7 40. Kf4 Kf7 41. g4 Rxc3 42. h4 Rc4+ 43. Kf5 Rc5+ 44. Kf4 h5 45. g5 Kg6
46. gxf6 Kxf6 47. Ke4 Rc4+ 0-1

[Event "KATEGORNI TURNIR IV. KATEGORNIKOV"]
[Site "Domzale"]
[Date "2009.03.25"]
[Round "2"]
[White "Simenc, Blaz"]
[Black "Hribar, Leon"]
[Result "1-0"]
[WhiteElo "1500"]
[BlackElo "1500"]
[PlyCount "77"]
[EventDate "2002.01.09"]

1. e4 e5 2. d3 Bb4+ 3. Bd2 Bc5 4. Nf3 Nf6 5. Nxe5 d6 6. Nf3 O-O 7. Be2 Nc6 8.
O-O Ng4 9. Nc3 Ne3 10. Bxe3 Bxe3 11. a3 Bc5 12. h3 Qf6 13. Nd5 Qg6 14. Nxc7 Rb8
15. Nd5 Nd4 16. Nxd4 Bxd4 17. c3 Bc5 18. Bh5 Qg5 19. Bf3 Bxh3 20. d4 Bxd4 21.
cxd4 Rfe8 22. Nc7 Rxe4 23. Bxe4 d5 24. Nxd5 Re8 25. Bf3 Rd8 26. Re1 h6 27. Be4
f5 28. Bf3 f4 29. Qb3 Bg4 30. Bxg4 Qxg4 31. Nf6+ Kh8 32. Nxg4 Rxd4 33. Re8+ Kh7
34. Qg8+ Kg6 35. Qe6+ Kh7 36. Rc1 f3 37. g3 a6 38. Rcc8 Rd1+ 39. Kh2 1-0

[Event "KATEGORNI TURNIR IV. KATEGORNIKOV"]
[Site "Domzale"]
[Date "2009.03.18"]
[Round "2"]
[White "Jeric, Miha"]
[Black "Perbil, Maks"]
[Result "1-0"]
[WhiteElo "1500"]
[BlackElo "1500"]
[PlyCount "120"]
[EventDate "2002.01.09"]

1. Nf3 d6 2. d4 f6 3. c4 e5 4. dxe5 fxe5 5. e3 e4 6. Nfd2 Nf6 7. Be2 g6 8. b3
d5 9. Bb2 Bf5 10. Nc3 dxc4 11. bxc4 Bb4 12. O-O Bxc3 13. Bxc3 Nc6 14. Nb3 Qxd1
15. Raxd1 Rd8 16. Bxf6 Rxd1 17. Rxd1 O-O 18. Bd4 Nxd4 19. Rxd4 b6 20. Rd2 c6
21. h3 a6 22. Bg4 Bxg4 23. hxg4 b5 24. cxb5 cxb5 25. Rd6 Ra8 26. Nc5 a5 27. Ra6
Rc8 28. Ne6 Rc2 29. Rxa5 Rc1+ 30. Kh2 Rc2 31. Kg3 b4 32. Ra4 Rc6 33. Nf4 Rc4
34. Ne6 Rc6 35. Nd4 Rc4 36. Nb5 Kf7 37. Kf4 Kf6 38. Kg3 Ke5 39. a3 Kd5 40. axb4
Kc6 41. Nd4+ Kd5 42. Ra5+ Kd6 43. Rc5 Rxb4 44. Rc8 Ke7 45. Rh8 Kf6 46. Rxh7 Kg5
47. f4+ exf3 48. gxf3 Ra4 49. Ne6+ Kf6 50. Nd4 Ra3 51. e4 Rd3 52. Nf5 g5 53.
Rh6+ Ke5 54. Rh5 Kf6 55. Ng7 Rd1 56. f4 Rd3+ 57. Kf2 gxf4 58. Ne8+ Kg6 59. Rd5
Rg3 60. Rd6+ Kg5 {(nejasno 71)} 1-0

[Event "KATEGORNI TURNIR IV. KATEGORNIKOV"]
[Site "Domzale"]
[Date "2009.03.18"]
[Round "2"]
[White "Novsak, Noah"]
[Black "Cehic Limoni, Benjamin"]
[Result "1-0"]
[WhiteElo "1500"]
[BlackElo "1500"]
[PlyCount "25"]
[EventDate "2002.01.09"]

1. e4 d5 2. exd5 Nf6 3. Bc4 c6 4. dxc6 Nxc6 5. Nf3 Bg4 6. d4 e6 7. Qd3 Bd6 8.
Bb5 O-O 9. Ng5 Qd7 10. Nc3 a6 11. Nce4 axb5 12. Nxf6+ gxf6 13. Qxh7# 1-0

[Event "KATEGORNI TURNIR IV. KATEGORNIKOV"]
[Site "Domzale"]
[Date "2009.03.25"]
[Round "3"]
[White "Perbil, Maks"]
[Black "Novsak, Noah"]
[Result "1-0"]
[WhiteElo "1500"]
[BlackElo "1500"]
[PlyCount "85"]
[EventDate "2002.01.09"]

1. e4 e5 2. Nf3 Nc6 3. Bc4 Nf6 4. Nc3 Bc5 5. O-O O-O 6. g3 d6 7. d3 Bh3 8. Re1
Ng4 9. Be3 Nxe3 10. fxe3 Qf6 11. a3 Bg4 12. Kg2 Bxf3+ 13. Qxf3 Qxf3+ 14. Kxf3
Ne7 15. Nd5 Nxd5 16. Bxd5 c6 17. Bb3 Rad8 18. c4 a6 19. Red1 b5 20. cxb5 axb5
21. h4 h6 22. a4 bxa4 23. Rxa4 Rb8 24. d4 Rxb3 25. dxc5 dxc5 26. Ra2 f5 27. Rc1
fxe4+ 28. Kxe4 Rb4+ 29. Kxe5 Re8+ 30. Kd6 Rxe3 31. Rxc5 Rxg3 32. Rxc6 Rg6+ 33.
Kc5 Rxc6+ 34. Kxb4 Kf7 35. Ra4 Rb6+ 36. Kc3 Rc6+ 37. Kb3 Ke6 38. Rc4 Rxc4 39.
Kxc4 Kd6 40. b4 Kc6 41. h5 Kb6 42. b5 g5 43. hxg6 1-0

[Event "KATEGORNI TURNIR IV. KATEGORNIKOV"]
[Site "Domzale"]
[Date "200.04.06"]
[Round "3"]
[White "Hribar, Leon"]
[Black "Mazej, Ziga"]
[Result "0-1"]
[WhiteElo "1500"]
[BlackElo "1500"]
[PlyCount "64"]
[EventDate "2002.01.09"]

1. b3 e5 2. Bb2 Nc6 3. Nc3 Nf6 4. Qb1 Bc5 5. b4 Bxb4 6. e4 O-O 7. a3 Bxc3 8.
Bxc3 d6 9. Qd1 Nxe4 10. d3 Nxc3 11. Qd2 Nd5 12. c4 Nde7 13. g3 Nd4 14. Rb1 Nef5
15. Bg2 Rb8 16. Nf3 Nxf3+ 17. Bxf3 b6 18. c5 Nd4 19. cxb6 cxb6 20. Be4 Bg4 21.
h3 Bf3 22. Rh2 Bxe4 23. Qe3 Nc2+ 24. Kd2 Nxe3 25. fxe3 Bd5 26. Rb5 Bc6 27. Rb1
h6 28. Rc1 Bd5 29. e4 Bb3 30. Ke3 Rc8 31. Rhh1 Rxc1 32. Rxc1 Qg5+ 0-1

[Event "KATEGORNI TURNIR IV. KATEGORNIKOV"]
[Site "Domzale"]
[Date "2009.03.18"]
[Round "3"]
[White "Jeras, Miha"]
[Black "Simenc, Blaz"]
[Result "0-1"]
[WhiteElo "1500"]
[BlackElo "1500"]
[PlyCount "70"]
[EventDate "2002.01.09"]

1. e4 e5 2. Nf3 d6 3. Bc4 Nf6 4. d4 exd4 5. Nxd4 Nxe4 6. f3 Nf6 7. Bg5 Be7 8.
O-O O-O 9. Nc3 Bd7 10. Qd2 h6 11. Bh4 Nc6 12. Nxc6 Bxc6 13. Rfe1 a6 14. a3 Re8
15. h3 Nh5 16. Bxe7 Rxe7 17. Rxe7 Qxe7 18. Bd5 Bxd5 19. Nxd5 Qd7 20. Qe3 Qc6
21. Nb4 Qb5 22. Rd1 a5 23. Nd3 Qc6 24. Rc1 b6 25. b3 Qd5 26. a4 Qf5 27. g4 Qf6
28. gxh5 Qh4 29. Nf4 Rd8 30. Rd1 Rd7 31. Qd4 c5 32. Qc4 Qg3+ 33. Kf1 Qxf3+ 34.
Ke1 Re7+ 35. Kd2 Qe3# 0-1

[Event "KATEGORNI TURNIR IV. KATEGORNIKOV"]
[Site "Domzale"]
[Date "2009.04.01"]
[Round "3"]
[White "Klancicar, Vid"]
[Black "Tavcar, Jan"]
[Result "1-0"]
[WhiteElo "1500"]
[BlackElo "1500"]
[PlyCount "79"]
[EventDate "2002.01.09"]

1. e4 e5 2. Nf3 Nc6 3. Bb5 Nf6 4. d3 d6 5. Bg5 Be7 6. Nc3 Bd7 7. O-O O-O 8. Qd2
a6 9. Ba4 h6 10. Bh4 Rb8 11. Rae1 Ng4 12. Bxe7 Qxe7 13. h3 Nb4 14. hxg4 Bxa4
15. Nxa4 Nxa2 16. Ra1 Qe6 17. b3 b5 18. Nb2 a5 19. Rxa2 a4 20. Ra3 b4 21. Rxa4
c5 22. Nh2 Ra8 23. Rfa1 Rxa4 24. Rxa4 Qe7 25. Nc4 Qb7 26. Nxd6 Qc7 27. Nc4 Qc6
28. Nxe5 Qe6 29. Nef3 Qf6 30. Qe3 Qc3 31. Qd2 Qxd2 32. Nxd2 g5 33. Ra5 Rc8 34.
f3 f6 35. Kf2 Kg7 36. Ke3 Kg6 37. Nc4 h5 38. gxh5+ Kxh5 39. Ng4 Rf8 40. Rxc5
1-0

[Event "KATEGORNI TURNIR IV. KATEGORNIKOV"]
[Site "Domzale"]
[Date "2009.04.10"]
[Round "4"]
[White "Sivavec, Jaka"]
[Black "Tavcar, Jan"]
[Result "1-0"]
[WhiteElo "1500"]
[BlackElo "1500"]
[PlyCount "29"]
[EventDate "2002.01.09"]

1. e4 e5 2. Nf3 Nc6 3. d4 exd4 4. Bc4 h6 5. Nxd4 Nxd4 6. Qxd4 Be7 7. Qd5 Bb4+
8. Nc3 Qe7 9. a3 Qe6 10. Qxe6+ dxe6 11. axb4 Bd7 12. O-O O-O-O 13. Be3 Nf6 14.
Bxa7 b6 15. Ba6# 1-0

[Event "KATEGORNI TURNIR IV. KATEGORNIKOV"]
[Site "Domzale"]
[Date "2009.03.25"]
[Round "4"]
[White "Simenc, Blaz"]
[Black "Klancicar, Vid"]
[Result "0-1"]
[WhiteElo "1500"]
[BlackElo "1500"]
[PlyCount "68"]
[EventDate "2002.01.09"]

1. e4 c5 2. d3 d6 3. Be2 Nf6 4. Nf3 Bg4 5. Bg5 e6 6. Bxf6 Qxf6 7. O-O Qxb2 8.
Nbd2 Be7 9. h3 Bh5 10. Nc4 Qf6 11. Re1 O-O 12. Qd2 Nc6 13. Qc3 Qxc3 14. Bd1
Qxa1 15. Be2 Qxa2 16. Rc1 Nd4 17. Nxd4 cxd4 18. Bxh5 g6 19. Be2 b5 20. Nd2 Qb2
21. Rd1 Qxc2 22. g3 a5 23. Kf1 a4 24. Nf3 d5 25. Ne1 Qb2 26. Nf3 a3 27. Rd2
Qc1+ 28. Rd1 Qc2 29. Rd2 Qb3 30. Bd1 Qb1 31. Kg2 a2 32. Bc2 Qc1 33. Re2 a1=Q
34. Rd2 Qh1# 0-1

[Event "KATEGORNI TURNIR IV. KATEGORNIKOV"]
[Site "Domzale"]
[Date "2009.03.25"]
[Round "4"]
[White "Mazej, Ziga"]
[Black "Jeras, Miha"]
[Result "1-0"]
[WhiteElo "1500"]
[BlackElo "1500"]
[PlyCount "101"]
[EventDate "2002.01.09"]

1. e4 e5 2. Nf3 Nc6 3. Bc4 Nf6 4. Nc3 Bb4 5. d3 d6 6. O-O O-O 7. Bg5 h6 8. Bxf6
Qxf6 9. h3 Nd4 10. Nxd4 exd4 11. Nd5 Qg5 12. Nxb4 a6 13. Nd5 c6 14. Nb6 Rb8 15.
Nxc8 Rbxc8 16. Qg4 Qxg4 17. hxg4 b5 18. Bb3 a5 19. a3 a4 20. Ba2 Rfd8 21. f3 d5
22. Rfe1 dxe4 23. dxe4 Rd7 24. e5 Re8 25. c3 d3 26. Rad1 d2 27. Re2 Red8 28. e6
fxe6 29. Bxe6+ Rf7 30. Bxf7+ Kxf7 31. Rexd2 Re8 32. Rd7+ Kf8 33. Rd8 Rxd8 34.
Rxd8+ Ke7 35. Rg8 Kf7 36. Rc8 Ke7 37. Rxc6 Kf8 38. Rb6 b4 39. Rxb4 g6 40. Rxa4
h5 41. Ra8+ Kf7 42. gxh5 gxh5 43. b4 Kg6 44. b5 h4 45. b6 Kg5 46. b7 Kh5 47.
b8=Q Kg5 48. Qe5+ Kg6 49. Ra6+ Kh7 50. Qc7+ Kg8 51. Ra8# 1-0

[Event "KATEGORNI TURNIR IV. KATEGORNIKOV"]
[Site "Domzale"]
[Date "2009.03.25"]
[Round "4"]
[White "Jeric, Miha"]
[Black "Hribar, Leon"]
[Result "1-0"]
[WhiteElo "1500"]
[BlackElo "1500"]
[PlyCount "95"]
[EventDate "2002.01.09"]

1. Nf3 g6 2. e3 Bg7 3. d4 Nf6 4. c4 O-O 5. Nc3 e6 6. Be2 Nc6 7. O-O d6 8. Re1
e5 9. dxe5 dxe5 10. Qxd8 Rxd8 11. Bd2 Nb4 12. Rac1 e4 13. Nd4 b6 14. Nxe4 Nxa2
15. Nxf6+ Bxf6 16. Ra1 h5 17. Rxa2 Re8 18. Bc3 c5 19. Nf3 Be7 20. Raa1 b5 21.
cxb5 a6 22. bxa6 Be6 23. Bd3 c4 24. Be4 Ra7 25. Bd4 Rc7 26. a7 Rcc8 27. a8=Q
Rxa8 28. Rxa8 Rxa8 29. Bxa8 Bb4 30. Bc3 Bc5 31. Bd4 Bb4 32. Ra1 Be7 33. Ra7 g5
34. Rxe7 g4 35. Ng5 g3 36. Nxe6 gxf2+ 37. Kxf2 fxe6 38. h3 e5 39. Bxe5 Kf8 40.
Bd6 h4 41. Rh7+ Kg8 42. Rb7 c3 43. bxc3 Kh8 44. c4 Kg8 45. c5 Kh8 46. c6 Kg8
47. c7 Kh8 48. c8=Q# 1-0

[Event "KATEGORNI TURNIR IV. KATEGORNIKOV"]
[Site "Domzale"]
[Date "2009.03.18"]
[Round "4"]
[White "Novsak, Noah"]
[Black "Rajkovic, Ziga"]
[Result "0-1"]
[WhiteElo "1500"]
[BlackElo "1500"]
[PlyCount "44"]
[EventDate "2002.01.09"]

1. e4 e5 2. Nf3 Nc6 3. Bc4 Bc5 4. d3 d6 5. Ng5 Qf6 6. O-O h6 7. Bxf7+ Kd8 8.
Bxg8 Rxg8 9. Nh7 Qg6 10. Kh1 Qxh7 11. c3 d5 12. exd5 e4 13. dxc6 exd3 14. cxb7
Bxb7 15. Qh5 Qe4 16. f3 Qe2 17. Rg1 Bxg1 18. Qh4+ Kc8 19. Bd2 Bf2 20. Qg4+ Kb8
21. h3 Qf1+ 22. Kh2 Qg1# 0-1

[Event "KATEGORNI TURNIR IV. KATEGORNIKOV"]
[Site "Domzale"]
[Date "2009.03.18"]
[Round "4"]
[White "Cehic Limoni, Benjamin"]
[Black "Perbil, Maks"]
[Result "1/2-1/2"]
[WhiteElo "1500"]
[BlackElo "1500"]
[PlyCount "51"]
[EventDate "2002.01.09"]

1. d4 d5 2. Nc3 Nf6 3. Bg5 Ne4 4. Bd2 Bf5 5. e3 Nxc3 6. Bxc3 e6 7. Bd3 Bxd3 8.
Qxd3 Nc6 9. Nf3 Bb4 10. O-O-O Bxc3 11. Qxc3 O-O 12. Rhe1 Qd6 13. e4 Qb4 14. Re3
Qxc3 15. Rxc3 dxe4 16. Nd2 f5 17. f3 exf3 18. Nxf3 Rad8 19. a3 Rfe8 20. h3 e5
21. dxe5 Rxd1+ 22. Kxd1 Nxe5 23. Rxc7 Nxf3 24. gxf3 Rb8 25. Ke2 g6 26. Ke3
1/2-1/2

[Event "KATEGORNI TURNIR IV. KATEGORNIKOV"]
[Site "Domzale"]
[Date "2009.04.01"]
[Round "5"]
[White "Perbil, Maks"]
[Black "Sivavec, Jaka"]
[Result "0-1"]
[WhiteElo "1500"]
[BlackElo "1500"]
[PlyCount "46"]
[EventDate "2002.01.09"]

1. e4 e5 2. Nf3 Nc6 3. Bc4 Nf6 4. Nc3 Bb4 5. d3 h6 6. O-O O-O 7. Bd2 d6 8. a3
Ba5 9. Nd5 Bxd2 10. Qxd2 Bg4 11. Nxf6+ Qxf6 12. Qe2 Nd4 13. Qd1 Nxf3+ 14. gxf3
Bxf3 15. Qxf3 Qxf3 16. Bd5 c6 17. Bc4 d5 18. exd5 cxd5 19. Bb5 a6 20. Ba4 b5
21. Bb3 Rfe8 22. c3 Re6 23. Bxd5 Rg6# 0-1

[Event "KATEGORNI TURNIR IV. KATEGORNIKOV"]
[Site "Domzale"]
[Date "2009.03.25"]
[Round "5"]
[White "Hribar, Leon"]
[Black "Novsak, Noah"]
[Result "0-1"]
[WhiteElo "1500"]
[BlackElo "1500"]
[PlyCount "62"]
[EventDate "2002.01.09"]

1. e4 e5 2. Nf3 Nc6 3. Bb5 Nf6 4. d3 Bc5 5. c3 Ng4 6. Rg1 Bxf2+ 7. Kf1 Bxg1 8.
Bg5 Ne3+ 9. Bxe3 Bxe3 10. Qd2 Bxd2 11. Nbxd2 O-O 12. Bxc6 dxc6 13. Nxe5 Qg5 14.
Ndc4 Qf4+ 15. Ke2 Bg4+ 16. Ke1 b5 17. g3 Qg5 18. h4 Qh5 19. Nxg4 Qxg4 20. Ne5
Qxg3+ 21. Kf1 Qxe5 22. d4 Qf4+ 23. Ke1 Rfe8 24. e5 c5 25. Ke2 cxd4 26. Rf1
Rxe5+ 27. Kd3 Qe3+ 28. Kc2 Qe2+ 29. Kb3 Qxf1 30. cxd4 Qc4+ 31. Ka3 Qa4# 0-1

[Event "KATEGORNI TURNIR IV. KATEGORNIKOV"]
[Site "Domzale"]
[Date "2009.02.01"]
[Round "5"]
[White "Jeras, Miha"]
[Black "Jeric, Miha"]
[Result "1-0"]
[WhiteElo "1500"]
[BlackElo "1500"]
[PlyCount "115"]
[EventDate "2002.01.09"]

1. e4 e6 2. Nf3 d5 3. exd5 exd5 4. Bb5+ Bd7 5. Bxd7+ Nxd7 6. Nc3 Ngf6 7. d4 Be7
8. Bg5 h6 9. Bh4 O-O 10. O-O Re8 11. Qd2 Ne4 12. Qf4 g5 13. Bxg5 Bxg5 14. Qf5
Ndf6 15. Nxe4 Rxe4 16. Nxg5 hxg5 17. Qxg5+ Kf8 18. Qh6+ Ke8 19. Qh8+ Kd7 20.
Qxd8+ Rxd8 21. c3 Rh8 22. h3 Reh4 23. a3 Ng4 24. f3 Ne3 25. Rfc1 Rg8 26. Kf2
Nxg2 27. Rg1 Rxh3 28. Rxg2 Rxg2+ 29. Kxg2 Rh6 30. Rh1 Rxh1 31. Kxh1 Kc6 32. Kg2
b5 33. Kf2 a5 34. Ke2 f5 35. f4 Kb6 36. Kd2 c5 37. dxc5+ Kxc5 38. Kd3 b4 39.
axb4+ axb4 40. cxb4+ Kxb4 41. Kd4 Kb3 42. Kxd5 Kxb2 43. Ke5 Kc3 44. Kxf5 Kd4
45. Ke6 Ke4 46. f5 Kd4 47. f6 Kc4 48. f7 Kb5 49. f8=Q Kb6 50. Qc8 Kb5 51. Kd5
Ka5 52. Qb7 Ka4 53. Kc4 Ka5 54. Qb4+ Ka6 55. Kc5 Ka7 56. Qb5 Ka8 57. Kc6 Ka7
58. Qb7# 1-0

[Event "KATEGORNI TURNIR IV. KATEGORNIKOV"]
[Site "Domzale"]
[Date "2009.04.01"]
[Round "5"]
[White "Klancicar, Vid"]
[Black "Mazej, Ziga"]
[Result "1-0"]
[WhiteElo "1500"]
[BlackElo "1500"]
[PlyCount "57"]
[EventDate "2002.01.09"]

1. d4 d5 2. c4 dxc4 3. e3 Nf6 4. Bxc4 Bf5 5. Nc3 e6 6. Nf3 Bb4 7. O-O O-O 8.
Qb3 Bxc3 9. bxc3 b6 10. Ba3 Re8 11. Rae1 Nc6 12. Bb5 Qd7 13. Qa4 Be4 14. Nd2
Bd5 15. c4 Ne4 16. cxd5 Nxd2 17. Bxc6 Qd6 18. Bxd6 Red8 19. Bxa8 Nxf1 20. Rxf1
Rxa8 21. Bxc7 h6 22. h3 exd5 23. Bxb6 a6 24. Rc1 g6 25. Qd7 Kg7 26. Qxd5 Rb8
27. Rc7 Rg8 28. Qxf7+ Kh8 29. Qh7# 1-0

[Event "KATEGORNI TURNIR IV. KATEGORNIKOV"]
[Site "Domzale"]
[Date "2009.03.18"]
[Round "5"]
[White "Tavcar, Jan"]
[Black "Simenc, Blaz"]
[Result "0-1"]
[WhiteElo "1500"]
[BlackElo "1500"]
[PlyCount "84"]
[EventDate "2002.01.09"]

1. e4 e5 2. Nc3 d6 3. Nf3 Nf6 4. Bc4 Be7 5. O-O O-O 6. d3 Bg4 7. Bg5 Bxf3 8.
Qxf3 Nc6 9. Nd5 Nxd5 10. Bxe7 Qxe7 11. Bxd5 Nd4 12. Qe3 Nxc2 13. Qc1 Nxa1 14.
Qxa1 c6 15. Bb3 a6 16. a4 Qg5 17. Bd1 Qd2 18. Bb3 Qxd3 19. Qd1 Qxe4 20. Qxd6
Rad8 21. Qe7 Rb8 22. Qc5 Qd3 23. Bc2 Qd4 24. Qxd4 exd4 25. Rd1 c5 26. b3 b5 27.
axb5 axb5 28. h3 c4 29. bxc4 bxc4 30. Kf1 Rbe8 31. f3 d3 32. Ba4 Re7 33. Bb5 d2
34. Bxc4 g6 35. g4 h6 36. h4 g5 37. hxg5 hxg5 38. f4 gxf4 39. g5 Re5 40. g6 Rf5
41. Be6 Rf6 42. Bc4 Rxg6 0-1

[Event "KATEGORNI TURNIR IV. KATEGORNIKOV"]
[Site "Domzale"]
[Date "2009.05.01"]
[Round "6"]
[White "Sivavec, Jaka"]
[Black "Simenc, Blaz"]
[Result "1-0"]
[WhiteElo "1500"]
[BlackElo "1500"]
[PlyCount "123"]
[EventDate "2002.01.09"]

1. e4 e5 2. Nf3 d6 3. Nc3 Nf6 4. Bc4 Be7 5. O-O O-O 6. d3 Nc6 7. Nd5 Nxd5 8.
exd5 Nb8 9. Be3 h6 10. Qd2 Bd7 11. d4 exd4 12. Bxd4 Bf6 13. Rae1 Bxd4 14. Nxd4
Qf6 15. c3 Qg6 16. Bd3 Qf6 17. Bc2 c6 18. Qd3 g6 19. dxc6 Nxc6 20. Nxc6 Bxc6
21. a3 Qg5 22. Qg3 Qxg3 23. fxg3 Rfe8 24. b4 b5 25. Bd1 Rxe1 26. Rxe1 Re8 27.
Rxe8+ Bxe8 28. Kf2 a6 29. Bf3 Kg7 30. Bb7 Kf6 31. Bxa6 Ke5 32. Ke2 Kd5 33. Kd3
f6 34. Bb7+ Ke6 35. Ke4 f5+ 36. Kf3 Bd7 37. Ke3 g5 38. Bf3 Ke5 39. Be2 f4+ 40.
gxf4+ gxf4+ 41. Kf2 d5 42. g3 fxg3+ 43. hxg3 h5 44. Bxh5 d4 45. Ke2 dxc3 46.
Kd3 Bf5+ 47. Kxc3 Ke4 48. g4 Bh7 49. g5 Kf5 50. g6 Bxg6 51. Bxg6+ Kxg6 52. Kd4
Kf6 53. Kc5 Ke6 54. Kxb5 Kd7 55. Kc5 Kc7 56. b5 Kb8 57. Kb6 Ka8 58. Kc7 Ka7 59.
b6+ Ka6 60. b7 Ka5 61. b8=Q Ka4 62. Qb4# 1-0

[Event "KATEGORNI TURNIR IV. KATEGORNIKOV"]
[Site "Domzale"]
[Date "2009.04.01"]
[Round "6"]
[White "Mazej, Ziga"]
[Black "Tavcar, Jan"]
[Result "0-1"]
[WhiteElo "1500"]
[BlackElo "1500"]
[PlyCount "74"]
[EventDate "2002.01.09"]

1. e4 e5 2. Nf3 Nc6 3. Bc4 h6 4. O-O Nf6 5. Nc3 Bb4 6. d4 O-O 7. Bd2 d6 8. a3
Bxc3 9. Bxc3 Bg4 10. h3 Bh5 11. Bb5 a6 12. Bxc6 bxc6 13. a4 c5 14. b3 d5 15.
Qe2 cxd4 16. Ba5 Qd7 17. Rfe1 c6 18. Bb6 Qd6 19. Rad1 a5 20. g4 Qb8 21. Bc5 Qc8
22. gxh5 Re8 23. Kh2 Nxh5 24. Rg1 Nf4 25. Rg3 Nxe2 26. Rg2 Nf4 27. Rg3 Nh5 28.
Rg2 Re6 29. Rdg1 Nf4 30. Rg3 Ne2 31. R1g2 Nxg3 32. Rxg3 Rg6 33. Nxe5 Rxg3 34.
fxg3 Qe6 35. Nf3 Qf6 36. Kg2 Re8 37. Bxd4 Qe6 0-1

[Event "KATEGORNI TURNIR IV. KATEGORNIKOV"]
[Site "Domzale"]
[Date "2009.03.18"]
[Round "6"]
[White "Jeric, Miha"]
[Black "Klancicar, Vid"]
[Result "0-1"]
[WhiteElo "1500"]
[BlackElo "1500"]
[PlyCount "106"]
[EventDate "2002.01.09"]

1. Nf3 c5 2. d4 e6 3. e3 Nc6 4. Bd3 cxd4 5. exd4 Nf6 6. Bg5 Be7 7. O-O O-O 8.
Nbd2 h6 9. Bh4 d5 10. Qe2 Bd7 11. Rad1 Qb6 12. b3 Nxd4 13. Nxd4 Qxd4 14. Bxf6
Bxf6 15. Bb5 Bxb5 16. Qxb5 b6 17. h3 Qb2 18. Qa4 Qxc2 19. Nf3 Rfc8 20. Rc1 Qf5
21. Rxc8+ Rxc8 22. Qd7 Ra8 23. Rd1 Qc2 24. Rd2 Qc1+ 25. Kh2 Be5+ 26. g3 Qc3 27.
Kg2 a5 28. Re2 Bf6 29. Qb7 Qc8 30. Qxb6 Qd8 31. Qc5 Rc8 32. Qe3 d4 33. Qd3 Rc3
34. Qb5 Qd5 35. Qxd5 exd5 36. Re8+ Kh7 37. Ne5 d3 38. Nxd3 Rxd3 39. Ra8 Bc3 40.
Ra7 f6 41. Kf1 Rd2 42. a4 Rxf2+ 43. Kg1 Rb2 44. Rb7 d4 45. g4 d3 46. Rd7 d2 47.
Rxd2 Rxd2 48. h4 Kg6 49. h5+ Kg5 50. b4 axb4 51. a5 b3 52. a6 b2 53. a7 b1=Q#
0-1